Oferta de trabajo a varios sectores bajo incertidumbre e irreversibilidad (Registro nro. 24836)
[ vista simple ]
| 000 -LEADER | |
|---|---|
| fixed length control field | 00356 a2200109 4500 |
| 001 - CONTROL NUMBER | |
| control field | ART_10993 |
| 005 - DATE AND TIME OF LATEST TRANSACTION | |
| control field | 20260410161849.0 |
| 008 - FIXED-LENGTH DATA ELEMENTS--GENERAL INFORMATION | |
| fixed length control field | 260409a |
| 100 1# - MAIN ENTRY--PERSONAL NAME | |
| Personal name | Chisari, Omar O. |
| 245 10 - TITLE STATEMENT | |
| Title | Oferta de trabajo a varios sectores bajo incertidumbre e irreversibilidad |
| 773 0# - HOST ITEM ENTRY | |
| Title | Económica |
| Related parts | - Año XXX, Nº 2/3 (may./dic. 1984) |
| Record control number | REV7541 |
No hay ítems disponibles.